ՀՀ Գիտությունների ազգային ակադեմիայի հիմնարար գիտական գրադարան  =   Fundamental Scientific Library of NAS RA

Arbeitsbuch Deutsch : (Record no. 449195)

MARC details
000 -LEADER
fixed length control field 00654nam a22002177a 4500
003 - CONTROL NUMBER IDENTIFIER
control field AM-YeHGA
040 ## - CATALOGING SOURCE
Original cataloging agency AM-YeHGA
090 ## - LOCALLY ASSIGNED LC-TYPE CALL NUMBER (OCLC); LOCAL CALL NUMBER (RLIN)
-- 452114
005 - DATE AND TIME OF LATEST TRANSACTION
control field 20250617160244.0
008 - FIXED-LENGTH DATA ELEMENTS--GENERAL INFORMATION
fixed length control field 200721s1972 gw ||||| |||| 00| 0 ger d
020 ## - INTERNATIONAL STANDARD BOOK NUMBER
International Standard Book Number 3587695210
041 0# - LANGUAGE CODE
Language code of text/sound track or separate title ger
245 00 - TITLE STATEMENT
Title Arbeitsbuch Deutsch :
Remainder of title Sekundarstufe II /
Statement of responsibility, etc. Edt. Robert Ulshöfer.
260 ## - PUBLICATION, DISTRIBUTION, ETC.
Place of publication, distribution, etc. Dortmund :
Name of publisher, distributor, etc. Crüwell,
Date of publication, distribution, etc. 1972.
300 ## - PHYSICAL DESCRIPTION
Extent band
505 10 - FORMATTED CONTENTS NOTE
Miscellaneous information Bd. 1 (1972, 342 p.)
Title Sprache und Gesellschaft
Miscellaneous information Bd. 2 (1972, 338 p.)
Title Literatur und Gesellschaft
650 14 - SUBJECT ADDED ENTRY--TOPICAL TERM
Topical term or geographic name entry element Linguistics
650 14 - SUBJECT ADDED ENTRY--TOPICAL TERM
Topical term or geographic name entry element Linguistics and languages
700 1# - ADDED ENTRY--PERSONAL NAME
Personal name Ulshöfer, Robert
Relationship edt
942 ## - ADDED ENTRY ELEMENTS (KOHA)
Source of classification or shelving scheme Universal Decimal Classification
Koha item type Գրքեր / Books
Holdings
Withdrawn status Lost status Source of classification or shelving scheme Damaged status Not for loan Collection Home library Current library Date acquired Serial enumeration / chronology Total checkouts Full call number Barcode Date last seen Price effective from Koha item type Public note
    Universal Decimal Classification     General Fundamental Scientific Library Fundamental Scientific Library 21/07/2020 Bd. 1   И II/116598 FL0584755 21/07/2020 21/07/2020 Գրքեր / Books 30 Days Loan
    Universal Decimal Classification     General Fundamental Scientific Library Fundamental Scientific Library 21/07/2020 Bd. 1   И II/116599 FL0584756 21/07/2020 21/07/2020 Գրքեր / Books 30 Days Loan
    Universal Decimal Classification     General Fundamental Scientific Library Fundamental Scientific Library 21/07/2020 Bd. 1   И II/116600 FL0584757 21/07/2020 21/07/2020 Գրքեր / Books 30 Days Loan
    Universal Decimal Classification     General Fundamental Scientific Library Fundamental Scientific Library 21/07/2020 Bd. 2   И II/116601 FL0584758 21/07/2020 21/07/2020 Գրքեր / Books 30 Days Loan
    Universal Decimal Classification     General Fundamental Scientific Library Fundamental Scientific Library 21/07/2020 Bd. 2   И II/116602 FL0631228 21/07/2020 21/07/2020 Գրքեր / Books 30 Days Loan
    Universal Decimal Classification     General Fundamental Scientific Library Fundamental Scientific Library 21/07/2020 Bd. 2   И II/116603 FL0631227 21/07/2020 21/07/2020 Գրքեր / Books 30 Days Loan


ՀՀ ԳԱԱ հիմնարար գիտական գրադարան
ՀՀ,Երևան 0019
Մարշալ Բաղրամյան 24/6
հեռախոս:(374-10) 52-47-50
Հետադարձ կապ

All site content, except where otherwise noted, is licensed under a
Creative Commons License